00809nam a22002057a 450000500170000001000270001702000260004403500240007003700130009408200080010724501120011526000350022727000700026230000350033250000420036752000880040965000530049770000270055070000260057720221228123802.0 aENG-112579, ENG-135963 a9789381904015c495.00 aEN-96111, EN-119495 bDBAD/PUB a33700aGlobalization and development :cedited by Shantanu Chakrabarti [and] Kingshuk Chatterjeebcurrent trends / aNew DelhibKW Publishersc2012 a4676/21, First Floor, Ansari Road, Daryaganj, bNew Delhie110002 axi,169p. c24cm(Hb)breference a Includes bibliographical references. a Papers presented at a conference held at New York City during 18-19 November 2010. a Globalization xEconomic aspects |v Congresses. aChakrabarti, Shantanu  aChatterjee, Kingshuk